[Event "DVM U16 2021"]
[Site "Kiel GER"]
[Date "2022.07.26"]
[Round "7"]
[White "Boissel, Kasimir"]
[Black "Ho, Ngoc Hai-Dang"]
[Result "1/2-1/2"]
[Termination "normal"]
[Board "2.3"]
[WhiteElo "1781"]
[BlackElo "1826"]
[WhiteClock "01:11:47"]
[BlackClock "00:39:05"]
[WhiteTeam "SV Königsjäger Süd-West e.V."]
[BlackTeam "SV Mattnetz Berlin e.V."]
[PlyCount "57"]
[WhiteFideId "16298209"]
[BlackFideId "16206509"]
[EventCountry "GER"]
[EventRounds "7"]
[EventType "team-swiss"]
[EventDate "2022.07.22"]

1. d4 {[%clk 01:30:54]} {[%emt 00:00:05]} Nf6 {[%clk 01:30:48]} {[%emt
00:00:12]} 2. Nf3 {[%clk 01:31:21]} {[%emt 00:00:03]} e6 {[%clk 01:31:10]}
{[%emt 00:00:08]} 3. e3 {[%clk 01:31:43]} {[%emt 00:00:08]} Be7 {[%clk
01:31:05]} {[%emt 00:00:35]} 4. Bd3 {[%clk 01:32:04]} {[%emt 00:00:10]} d5
{[%clk 01:31:17]} {[%emt 00:00:18]} 5. Nbd2 {[%clk 01:32:23]} {[%emt 00:00:11]}
O-O {[%clk 01:31:18]} {[%emt 00:00:29]} 6. O-O {[%clk 01:32:38]} {[%emt
00:00:15]} c5 {[%clk 01:31:20]} {[%emt 00:00:28]} 7. c3 {[%clk 01:33:02]}
{[%emt 00:00:05]} Nc6 {[%clk 01:31:41]} {[%emt 00:00:09]} 8. b3 {[%clk
01:32:56]} {[%emt 00:00:36]} b6 {[%clk 01:32:02]} {[%emt 00:00:09]} 9. Bb2
{[%clk 01:33:21]} {[%emt 00:00:05]} Bb7 {[%clk 01:32:27]} {[%emt 00:00:05]} 10.
Rc1 {[%clk 01:33:19]} {[%emt 00:00:31]} Rc8 {[%clk 01:32:46]} {[%emt 00:00:12]}
11. Re1 {[%clk 01:33:41]} {[%emt 00:00:07]} cxd4 {[%clk 01:31:46]} {[%emt
00:01:32]} 12. Nxd4 {[%clk 01:33:33]} {[%emt 00:00:37]} Bd6 {[%clk 01:23:31]}
{[%emt 00:08:45]} 13. h3 {[%clk 01:33:19]} {[%emt 00:00:45]} Bb8 {[%clk
01:22:12]} {[%emt 00:01:49]} 14. Nxc6 {[%clk 01:31:06]} {[%emt 00:02:42]} Bxc6
{[%clk 01:21:08]} {[%emt 00:01:34]} 15. c4 {[%clk 01:28:54]} {[%emt 00:02:42]}
e5 {[%clk 01:12:31]} {[%emt 00:09:07]} 16. cxd5 {[%clk 01:27:11]} {[%emt
00:02:14]} Qxd5 {[%clk 01:06:34]} {[%emt 00:06:26]} 17. Bf1 {[%clk 01:27:10]}
{[%emt 00:00:31]} e4 {[%clk 01:05:48]} {[%emt 00:01:16]} 18. Nc4 {[%clk
01:26:43]} {[%emt 00:00:58]} Qg5 {[%clk 01:05:14]} {[%emt 00:01:03]} 19. Be2
{[%clk 01:18:15]} {[%emt 00:08:58]} Rfd8 {[%clk 01:03:30]} {[%emt 00:02:14]}
20. Qc2 {[%clk 01:17:57]} {[%emt 00:00:47]} Bd7 {[%clk 01:03:14]} {[%emt
00:00:48]} 21. Bxf6 {[%clk 01:17:49]} {[%emt 00:00:37]} gxf6 {[%clk 01:03:21]}
{[%emt 00:00:22]} 22. Qxe4 {[%clk 01:17:15]} {[%emt 00:01:04]} Bxh3 {[%clk
01:02:25]} {[%emt 00:01:27]} 23. f4 {[%clk 01:13:22]} {[%emt 00:04:23]} Qg3
{[%clk 00:50:09]} {[%emt 00:12:46]} 24. Qf3 {[%clk 01:12:35]} {[%emt 00:01:18]}
Qxf3 {[%clk 00:50:27]} {[%emt 00:00:11]} 25. Bxf3 {[%clk 01:12:56]} {[%emt
00:00:09]} Be6 {[%clk 00:50:48]} {[%emt 00:00:10]} 26. Red1 {[%clk 01:12:46]}
{[%emt 00:00:39]} Kg7 {[%clk 00:45:31]} {[%emt 00:05:47]} 27. Rxd8 {[%clk
01:11:25]} {[%emt 00:01:51]} Rxd8 {[%clk 00:45:54]} {[%emt 00:00:07]} 28. Rd1
{[%clk 01:11:19]} {[%emt 00:00:36]} Rxd1+ {[%clk 00:39:05]} {[%emt 00:07:19]}
29. Bxd1 {[%clk 01:11:47]} {[%emt 00:00:02]} 1/2-1/2

[Event "DVM U16 2021"]
[Site "Kiel GER"]
[Date "2022.07.26"]
[Round "7"]
[White "Schauties, Nico Antonio"]
[Black "Korek, Jakob Alexander"]
[Result "1-0"]
[Termination "normal"]
[Board "2.4"]
[WhiteElo "1818"]
[BlackElo "1611"]
[WhiteClock "00:00:41"]
[BlackClock "00:02:45"]
[WhiteTeam "SV Mattnetz Berlin e.V."]
[BlackTeam "SV Königsjäger Süd-West e.V."]
[PlyCount "55"]
[WhiteFideId "16206371"]
[BlackFideId "16240022"]
[EventCountry "GER"]
[EventRounds "7"]
[EventType "team-swiss"]
[EventDate "2022.07.22"]

1. d4 {[%clk 01:30:58]} {[%emt 00:00:01]} d5 {[%clk 01:30:59]} {[%emt
00:00:02]} 2. Bf4 {[%clk 01:31:18]} {[%emt 00:00:09]} Nf6 {[%clk 01:31:18]}
{[%emt 00:00:11]} 3. e3 {[%clk 01:31:38]} {[%emt 00:00:10]} e6 {[%clk
01:30:58]} {[%emt 00:00:50]} 4. Nf3 {[%clk 01:31:36]} {[%emt 00:00:32]} c5
{[%clk 01:30:03]} {[%emt 00:01:25]} 5. c3 {[%clk 01:31:49]} {[%emt 00:00:17]}
Nc6 {[%clk 01:28:42]} {[%emt 00:01:51]} 6. Nbd2 {[%clk 01:31:48]} {[%emt
00:00:31]} Be7 {[%clk 01:23:51]} {[%emt 00:05:20]} 7. Bd3 {[%clk 01:31:37]}
{[%emt 00:00:41]} Nh5 {[%clk 01:04:17]} {[%emt 00:20:05]} 8. Be5 {[%clk
01:29:30]} {[%emt 00:02:37]} f6 {[%clk 01:00:22]} {[%emt 00:04:26]} 9. Ng5
{[%clk 01:14:05]} {[%emt 00:15:55]} Nxe5 {[%clk 00:56:19]} {[%emt 00:04:32]}
10. dxe5 {[%clk 01:11:31]} {[%emt 00:03:03]} f5 {[%clk 00:50:04]} {[%emt
00:06:46]} 11. Bb5+ {[%clk 01:03:38]} {[%emt 00:08:23]} Kf8 {[%clk 00:49:14]}
{[%emt 00:01:20]} 12. h4 {[%clk 00:48:41]} {[%emt 00:15:27]} Bxg5 {[%clk
00:44:20]} {[%emt 00:05:24]} 13. hxg5 {[%clk 00:36:40]} {[%emt 00:12:31]} g6
{[%clk 00:44:26]} {[%emt 00:00:23]} 14. Nf3 {[%clk 00:11:19]} {[%emt 00:25:25]}
Qb6 {[%clk 00:40:51]} {[%emt 00:04:31]} 15. Qe2 {[%clk 00:10:45]} {[%emt
00:01:05]} a6 {[%clk 00:38:43]} {[%emt 00:02:38]} 16. Bd3 {[%clk 00:08:37]}
{[%emt 00:02:38]} Bd7 {[%clk 00:37:07]} {[%emt 00:02:06]} 17. O-O-O {[%clk
00:04:05]} {[%emt 00:05:02]} a5 {[%clk 00:30:14]} {[%emt 00:07:23]} 18. c4
{[%clk 00:03:11]} {[%emt 00:01:24]} Bc6 {[%clk 00:29:41]} {[%emt 00:01:02]} 19.
g4 {[%clk 00:02:30]} {[%emt 00:01:12]} fxg4 {[%clk 00:25:55]} {[%emt 00:04:16]}
20. Nd2 {[%clk 00:02:46]} {[%emt 00:00:13]} Qc7 {[%clk 00:21:37]} {[%emt
00:04:48]} 21. Qxg4 {[%clk 00:02:30]} {[%emt 00:00:47]} Ng7 {[%clk 00:18:59]}
{[%emt 00:03:07]} 22. Bxg6 {[%clk 00:02:43]} {[%emt 00:00:17]} dxc4 {[%clk
00:10:43]} {[%emt 00:08:46]} 23. Rxh7 {[%clk 00:01:14]} {[%emt 00:02:00]} Rxh7
{[%clk 00:10:12]} {[%emt 00:01:00]} 24. Bxh7 {[%clk 00:01:43]} {[%emt
00:00:01]} c3 {[%clk 00:06:52]} {[%emt 00:03:50]} 25. Nc4 {[%clk 00:01:07]}
{[%emt 00:01:07]} cxb2+ {[%emt 00:01:09]} 26. Kb1 Ba4 {[%clk 00:02:45]} {[%emt
00:03:56]} 27. Rd2 {[%clk 00:00:33]} {[%emt 00:01:35]} Ke7 {[%emt 00:01:13]}
28. g6 {[%clk 00:00:41]} {[%emt 00:00:20]} 1-0

[Event "DVM U16 2021"]
[Site "Kiel GER"]
[Date "2022.07.26"]
[Round "7"]
[White "Korchynskyi, Mykola"]
[Black "Hecht, Jonas Christian"]
[Result "1/2-1/2"]
[Termination "normal"]
[Board "3.1"]
[WhiteElo "1711"]
[BlackElo "1889"]
[WhiteClock "00:29:28"]
[BlackClock "00:52:45"]
[WhiteTeam "Schachfreunde Essen-Katernberg 04/32 e. V."]
[BlackTeam "SC Brombach e.V."]
[PlyCount "66"]
[WhiteFideId "34138005"]
[BlackFideId "16214846"]
[EventCountry "GER"]
[EventRounds "7"]
[EventType "team-swiss"]
[EventDate "2022.07.22"]

1. d4 {[%clk 01:30:56]} {[%emt 00:00:03]} d5 {[%clk 01:30:57]} {[%emt
00:00:04]} 2. c4 {[%clk 01:31:17]} {[%emt 00:00:09]} e6 {[%clk 01:31:19]}
{[%emt 00:00:07]} 3. Nc3 {[%clk 01:31:39]} {[%emt 00:00:07]} Nf6 {[%clk
01:31:46]} {[%emt 00:00:04]} 4. Bg5 {[%clk 01:32:02]} {[%emt 00:00:07]} Be7
{[%clk 01:32:13]} {[%emt 00:00:04]} 5. e3 {[%clk 01:32:18]} {[%emt 00:00:13]}
O-O {[%clk 01:32:38]} {[%emt 00:00:05]} 6. Nf3 {[%clk 01:32:21]} {[%emt
00:00:26]} h6 {[%clk 01:33:04]} {[%emt 00:00:05]} 7. Bh4 {[%clk 01:31:38]}
{[%emt 00:01:13]} Ne4 {[%clk 01:33:29]} {[%emt 00:00:06]} 8. Bxe7 {[%clk
01:31:54]} {[%emt 00:00:14]} Qxe7 {[%clk 01:33:40]} {[%emt 00:00:18]} 9. Qc2
{[%clk 01:29:47]} {[%emt 00:02:37]} Nxc3 {[%clk 01:33:33]} {[%emt 00:00:37]}
10. Qxc3 {[%clk 01:29:49]} {[%emt 00:00:28]} dxc4 {[%clk 01:33:45]} {[%emt
00:00:18]} 11. Bxc4 {[%clk 01:29:48]} {[%emt 00:00:31]} b6 {[%clk 01:34:08]}
{[%emt 00:00:08]} 12. O-O-O {[%clk 01:25:33]} {[%emt 00:04:43]} Bb7 {[%clk
01:31:44]} {[%emt 00:02:55]} 13. Rhg1 {[%clk 01:23:27]} {[%emt 00:02:36]} c5
{[%clk 01:30:41]} {[%emt 00:01:33]} 14. d5 {[%clk 01:21:40]} {[%emt 00:02:17]}
exd5 {[%clk 01:29:39]} {[%emt 00:01:32]} 15. Bxd5 {[%clk 01:21:52]} {[%emt
00:00:18]} Bxd5 {[%clk 01:29:18]} {[%emt 00:00:52]} 16. Rxd5 {[%clk 01:22:15]}
{[%emt 00:00:05]} Nc6 {[%clk 01:29:35]} {[%emt 00:00:15]} 17. a3 {[%clk
01:21:19]} {[%emt 00:01:26]} Qe6 {[%clk 01:28:23]} {[%emt 00:01:41]} 18. Rgd1
{[%clk 01:19:56]} {[%emt 00:01:53]} Nd4 {[%clk 01:26:46]} {[%emt 00:02:07]} 19.
Qc4 {[%clk 01:13:39]} {[%emt 00:06:47]} Rad8 {[%clk 01:24:23]} {[%emt
00:02:53]} 20. R5xd4 {[%clk 00:46:36]} {[%emt 00:27:33]} cxd4 {[%clk 01:23:00]}
{[%emt 00:01:53]} 21. Qxe6 {[%clk 00:46:59]} {[%emt 00:00:07]} fxe6 {[%clk
01:23:23]} {[%emt 00:00:08]} 22. exd4 {[%clk 00:47:23]} {[%emt 00:00:05]} g5
{[%clk 01:20:06]} {[%emt 00:03:47]} 23. h3 {[%clk 00:45:07]} {[%emt 00:02:45]}
h5 {[%clk 01:19:14]} {[%emt 00:01:22]} 24. Rd2 {[%clk 00:43:36]} {[%emt
00:02:02]} Rf4 {[%clk 01:16:33]} {[%emt 00:03:11]} 25. Nxg5 {[%clk 00:42:45]}
{[%emt 00:01:21]} Rfxd4 {[%clk 01:11:24]} {[%emt 00:05:40]} 26. Re2 {[%clk
00:41:34]} {[%emt 00:01:37]} Rc4+ {[%clk 01:07:08]} {[%emt 00:04:48]} 27. Kb1
{[%clk 00:41:54]} {[%emt 00:00:10]} Rd1+ {[%clk 01:07:30]} {[%emt 00:00:09]}
28. Ka2 {[%clk 00:42:23]} {[%emt 00:00:02]} Rc5 {[%clk 01:00:10]} {[%emt
00:07:50]} 29. Nxe6 {[%clk 00:41:30]} {[%emt 00:01:23]} Rcd5 {[%clk 01:00:28]}
{[%emt 00:00:12]} 30. Re3 {[%clk 00:29:47]} {[%emt 00:12:12]} R1d2 {[%clk
00:59:18]} {[%emt 00:01:40]} 31. Nf4 {[%clk 00:29:47]} {[%emt 00:00:30]} Rb5
{[%clk 00:55:27]} {[%emt 00:04:21]} 32. Nd3 {[%clk 00:29:31]} {[%emt 00:00:44]}
Rd5 {[%clk 00:55:01]} {[%emt 00:00:58]} 33. Nf4 {[%clk 00:29:28]} {[%emt
00:00:33]} Rg5 {[%clk 00:52:45]} {[%emt 00:02:46]} 1/2-1/2

[Event "DVM U16 2021"]
[Site "Kiel GER"]
[Date "2022.07.26"]
[Round "7"]
[White "Wehrle, Maximilian"]
[Black "Jahrke, Jonas"]
[Result "1/2-1/2"]
[Termination "normal"]
[Board "3.2"]
[WhiteElo "1739"]
[BlackElo "1725"]
[WhiteClock "00:20:39"]
[BlackClock "01:03:56"]
[WhiteTeam "SC Brombach e.V."]
[BlackTeam "Schachfreunde Essen-Katernberg 04/32 e. V."]
[PlyCount "51"]
[WhiteFideId "65600347"]
[BlackFideId "12984353"]
[EventCountry "GER"]
[EventRounds "7"]
[EventType "team-swiss"]
[EventDate "2022.07.22"]

1. Nf3 {[%clk 01:30:44]} {[%emt 00:00:04]} Nf6 {[%clk 01:31:20]} 2. b3 {[%clk
01:29:38]} g6 {[%clk 01:31:38]} 3. Bb2 {[%clk 01:30:05]} Bg7 {[%clk 01:31:55]}
4. g3 {[%clk 01:25:49]} b6 {[%clk 01:28:58]} 5. Bg2 {[%clk 01:26:13]} Bb7
{[%clk 01:27:16]} 6. O-O {[%clk 01:26:16]} O-O {[%clk 01:26:24]} 7. c4 {[%clk
01:24:54]} c5 {[%clk 01:22:34]} 8. d3 {[%clk 01:08:44]} e6 {[%clk 01:18:06]} 9.
Qc2 {[%clk 01:04:02]} d5 {[%clk 01:15:59]} 10. e3 {[%clk 01:00:36]} Nc6 {[%clk
01:12:32]} 11. d4 {[%clk 00:50:07]} dxc4 {[%clk 01:05:33]} 12. Qxc4 {[%clk
00:42:08]} Qc8 {[%clk 01:04:14]} 13. Qc1 {[%clk 00:33:11]} cxd4 {[%clk
01:02:30]} 14. Nxd4 {[%clk 00:32:11]} Nxd4 {[%clk 01:02:34]} 15. Bxd4 {[%clk
00:31:53]} Bxg2 {[%clk 01:03:00]} 16. Kxg2 {[%clk 00:31:45]} Qb7+ {[%clk
01:03:27]} 17. Kg1 {[%clk 00:29:16]} Ne4 {[%clk 01:03:28]} 18. Bxg7 {[%clk
00:29:34]} Kxg7 {[%clk 01:03:48]} 19. Qb2+ {[%clk 00:29:46]} Kg8 {[%clk
01:03:08]} 20. Nd2 {[%clk 00:25:56]} Nxd2 {[%clk 01:03:32]} 21. Qxd2 {[%clk
00:26:15]} Rfd8 {[%clk 01:03:18]} 22. Qe2 {[%clk 00:23:32]} Rd5 {[%clk
01:03:26]} 23. Rfd1 {[%clk 00:23:04]} Rad8 {[%clk 01:03:24]} 24. Rxd5 {[%clk
00:23:23]} Qxd5 {[%clk 01:03:46]} 25. Rc1 {[%clk 00:20:39]} Qd2 {[%clk
01:03:56]} 26. Rc2 1/2-1/2

[Event "DVM U16 2021"]
[Site "Kiel GER"]
[Date "2022.07.26"]
[Round "7"]
[White "Berresheim, Nils"]
[Black "Weiß, David"]
[Result "0-1"]
[Termination "normal"]
[Board "3.3"]
[WhiteElo "1730"]
[BlackElo "1759"]
[WhiteClock "00:09:20"]
[BlackClock "00:20:41"]
[WhiteTeam "Schachfreunde Essen-Katernberg 04/32 e. V."]
[BlackTeam "SC Brombach e.V."]
[PlyCount "84"]
[WhiteFideId "16246306"]
[BlackFideId "34628428"]
[EventCountry "GER"]
[EventRounds "7"]
[EventType "team-swiss"]
[EventDate "2022.07.22"]

1. d4 {[%clk 01:30:53]} {[%emt 00:00:06]} Nf6 {[%clk 01:30:51]} {[%emt
00:00:09]} 2. c4 {[%clk 01:31:08]} {[%emt 00:00:16]} c5 {[%clk 01:31:09]}
{[%emt 00:00:11]} 3. e3 {[%clk 01:31:11]} {[%emt 00:00:26]} g6 {[%clk
01:31:29]} {[%emt 00:00:11]} 4. Nf3 {[%clk 01:30:22]} {[%emt 00:01:18]} Bg7
{[%clk 01:31:51]} {[%emt 00:00:09]} 5. Nc3 {[%clk 01:29:36]} {[%emt 00:01:16]}
O-O {[%clk 01:32:02]} {[%emt 00:00:20]} 6. d5 {[%clk 01:28:10]} {[%emt
00:01:56]} e6 {[%clk 01:31:18]} {[%emt 00:01:13]} 7. Be2 {[%clk 01:25:37]}
{[%emt 00:03:03]} exd5 {[%clk 01:30:59]} {[%emt 00:00:48]} 8. cxd5 {[%clk
01:25:30]} {[%emt 00:00:38]} Re8 {[%clk 01:29:57]} {[%emt 00:01:33]} 9. Nd2
{[%clk 01:23:28]} {[%emt 00:02:31]} a6 {[%clk 01:27:55]} {[%emt 00:02:32]} 10.
a4 {[%clk 01:23:22]} {[%emt 00:00:36]} d6 {[%clk 01:22:30]} {[%emt 00:05:55]}
11. Qc2 {[%clk 01:21:04]} {[%emt 00:02:48]} Nbd7 {[%clk 01:21:59]} {[%emt
00:01:01]} 12. Nc4 {[%clk 01:16:03]} {[%emt 00:05:31]} Nb6 {[%clk 01:21:05]}
{[%emt 00:01:24]} 13. Nxb6 {[%clk 01:13:51]} {[%emt 00:02:41]} Qxb6 {[%clk
01:21:28]} {[%emt 00:00:08]} 14. O-O {[%clk 01:12:58]} {[%emt 00:01:22]} Bf5
{[%clk 01:20:46]} {[%emt 00:01:13]} 15. Bd3 {[%clk 01:09:28]} {[%emt 00:04:00]}
Bxd3 {[%clk 01:21:08]} {[%emt 00:00:08]} 16. Qxd3 {[%clk 01:09:52]} {[%emt
00:00:06]} Nd7 {[%clk 01:19:38]} {[%emt 00:01:59]} 17. f4 {[%clk 01:05:30]}
{[%emt 00:04:52]} Rac8 {[%clk 01:17:08]} {[%emt 00:03:00]} 18. Qc4 {[%clk
01:02:11]} {[%emt 00:03:49]} Qb4 {[%clk 01:15:06]} {[%emt 00:02:33]} 19. Qe2
{[%clk 00:53:24]} {[%emt 00:09:17]} c4 {[%clk 01:12:27]} {[%emt 00:03:09]} 20.
f5 {[%clk 00:49:15]} {[%emt 00:04:38]} Nc5 {[%clk 01:09:37]} {[%emt 00:03:20]}
21. f6 {[%clk 00:47:34]} {[%emt 00:02:12]} Bh8 {[%clk 01:06:04]} {[%emt
00:04:03]} 22. e4 {[%clk 00:44:20]} {[%emt 00:03:44]} Nb3 {[%clk 01:05:53]}
{[%emt 00:00:42]} 23. Rb1 {[%clk 00:40:36]} {[%emt 00:04:13]} Nxc1 {[%clk
01:06:08]} {[%emt 00:00:16]} 24. Rbxc1 {[%clk 00:40:49]} {[%emt 00:00:17]} b5
{[%clk 01:00:17]} {[%emt 00:06:20]} 25. axb5 {[%clk 00:39:58]} {[%emt
00:01:20]} axb5 {[%clk 01:00:40]} {[%emt 00:00:07]} 26. Rf3 {[%clk 00:38:16]}
{[%emt 00:02:13]} Re5 {[%clk 00:58:51]} {[%emt 00:02:19]} 27. Rcf1 {[%clk
00:35:22]} {[%emt 00:03:22]} Rce8 {[%clk 00:56:42]} {[%emt 00:02:41]} 28. Qd2
{[%clk 00:33:38]} {[%emt 00:02:14]} Qc5+ {[%clk 00:54:55]} {[%emt 00:02:17]}
29. Kh1 {[%clk 00:33:10]} {[%emt 00:00:57]} b4 {[%clk 00:51:51]} {[%emt
00:03:35]} 30. Rh3 {[%clk 00:23:29]} {[%emt 00:10:11]} h5 {[%clk 00:43:08]}
{[%emt 00:09:13]} 31. g4 {[%clk 00:19:42]} {[%emt 00:04:17]} bxc3 {[%clk
00:41:01]} {[%emt 00:02:37]} 32. Qh6 {[%clk 00:14:34]} {[%emt 00:05:37]} Qd4
{[%clk 00:34:08]} {[%emt 00:07:24]} 33. gxh5 {[%clk 00:11:30]} {[%emt
00:03:34]} Qxe4+ {[%clk 00:33:03]} {[%emt 00:01:34]} 34. Kg1 {[%clk 00:11:18]}
{[%emt 00:00:42]} Qd4+ {[%clk 00:25:32]} {[%emt 00:08:01]} 35. Kh1 {[%clk
00:10:48]} {[%emt 00:01:00]} Qxd5+ {[%clk 00:25:36]} {[%emt 00:00:26]} 36. Kg1
{[%clk 00:10:54]} {[%emt 00:00:24]} Rxh5 {[%clk 00:21:43]} {[%emt 00:04:24]}
37. Rxh5 {[%clk 00:10:14]} {[%emt 00:01:09]} Qxh5 {[%clk 00:21:49]} {[%emt
00:00:24]} 38. Qf4 {[%clk 00:09:11]} {[%emt 00:01:33]} Qc5+ {[%clk 00:21:32]}
{[%emt 00:00:47]} 39. Kh1 {[%clk 00:09:25]} {[%emt 00:00:16]} cxb2 {[%clk
00:21:34]} {[%emt 00:00:29]} 40. Qg4 {[%clk 00:08:57]} {[%emt 00:00:54]} Qd5+
{[%clk 00:20:43]} {[%emt 00:01:24]} 41. Kg1 {[%clk 00:09:11]} {[%emt 00:00:16]}
Qe4 {[%clk 00:20:49]} {[%emt 00:00:23]} 42. Qd1 {[%clk 00:09:20]} {[%emt
00:00:23]} Bxf6 {[%clk 00:20:41]} {[%emt 00:00:38]} 0-1

[Event "DVM U16 2021"]
[Site "Kiel GER"]
[Date "2022.07.26"]
[Round "7"]
[White "Wehrle, Valentin"]
[Black "Rasch, Lukas"]
[Result "1/2-1/2"]
[Termination "normal"]
[Board "3.4"]
[WhiteElo "1440"]
[BlackElo "1617"]
[WhiteClock "00:02:02"]
[BlackClock "01:05:33"]
[WhiteTeam "SC Brombach e.V."]
[BlackTeam "Schachfreunde Essen-Katernberg 04/32 e. V."]
[PlyCount "180"]
[WhiteFideId "65600355"]
[BlackFideId "16272072"]
[EventCountry "GER"]
[EventRounds "7"]
[EventType "team-swiss"]
[EventDate "2022.07.22"]

1. Nf3 {[%clk 01:29:35]} {[%emt 00:00:07]} Nf6 {[%clk 01:31:06]} 2. g3 {[%clk
01:28:40]} g6 {[%clk 01:31:04]} 3. Bg2 {[%clk 01:29:07]} Bg7 {[%clk 01:30:46]}
4. O-O {[%clk 01:29:32]} O-O {[%clk 01:30:49]} 5. d4 {[%clk 01:26:32]} d6
{[%clk 01:30:05]} 6. c4 {[%clk 01:25:56]} Nbd7 {[%clk 01:28:39]} 7. Nc3 {[%clk
01:17:17]} c6 {[%clk 01:26:31]} 8. e4 {[%clk 01:16:13]} e5 {[%clk 01:26:31]} 9.
d5 {[%clk 01:12:55]} Nc5 {[%clk 01:23:28]} 10. Qc2 {[%clk 01:08:01]} a5 {[%clk
01:21:46]} 11. Be3 {[%clk 01:04:01]} Na6 {[%clk 01:19:47]} 12. a3 {[%clk
01:00:28]} Ng4 {[%clk 01:18:29]} 13. Bd2 {[%clk 00:58:35]} f5 {[%clk 01:17:21]}
14. Ne1 {[%clk 00:51:49]} f4 {[%clk 01:14:20]} 15. h3 {[%clk 00:44:14]} Nh6
{[%clk 01:13:27]} 16. g4 {[%clk 00:38:58]} Nf7 {[%clk 01:12:05]} 17. Nd3 {[%clk
00:36:27]} Qh4 {[%clk 01:11:06]} {[%emt 01:29:24]} 18. f3 {[%clk 00:31:24]} Bf6
{[%clk 01:09:55]} 19. Be1 {[%clk 00:31:35]} Qh6 {[%clk 01:08:22]} 20. Qf2
{[%clk 00:23:33]} Bd8 {[%clk 01:07:10]} 21. Kh2 {[%clk 00:20:49]} Kg7 {[%clk
01:06:57]} 22. Rh1 {[%clk 00:14:16]} Nb8 {[%clk 01:06:05]} 23. Kg1 {[%clk
00:13:14]} Nd7 {[%clk 01:05:56]} 24. Kf1 {[%clk 00:12:51]} g5 {[%clk 01:05:40]}
25. Ke2 {[%clk 00:12:18]} Bb6 {[%clk 01:05:56]} 26. Qf1 {[%clk 00:11:32]} Bd4
{[%clk 01:05:20]} 27. Kd2 {[%clk 00:09:35]} Nb6 {[%clk 01:03:39]} 28. Nc1
{[%clk 00:07:08]} Qf6 {[%clk 01:02:41]} 29. Nb3 {[%clk 00:06:09]} c5 {[%clk
01:00:24]} 30. Kc2 {[%clk 00:04:12]} h6 {[%clk 01:00:12]} 31. Nd2 {[%clk
00:03:41]} Bd7 {[%clk 00:59:47]} 32. Bf2 {[%clk 00:03:09]} a4 {[%clk 00:58:44]}
33. Qe1 {[%clk 00:02:56]} Nc8 {[%clk 00:58:28]} 34. Bf1 {[%clk 00:03:08]} Ne7
{[%clk 00:57:34]} 35. Be2 {[%clk 00:03:01]} Ra6 {[%clk 00:57:04]} 36. Rb1
{[%clk 00:03:15]} Rfa8 {[%clk 00:52:28]} 37. Bxd4 {[%clk 00:03:19]} exd4 {[%clk
00:52:11]} 38. Nd1 {[%clk 00:02:23]} Ng6 {[%clk 00:51:59]} 39. Nf2 {[%clk
00:01:47]} Nh4 {[%clk 00:51:46]} 40. Qf1 {[%clk 00:01:17]} Rb6 {[%clk
00:50:22]} 41. Nd3 {[%clk 00:25:41]} Rb3 {[%clk 01:17:24]} 42. Nxb3 {[%clk
00:26:07]} axb3+ {[%clk 01:16:46]} 43. Kxb3 {[%clk 00:26:20]} Ba4+ {[%clk
01:17:04]} 44. Ka2 {[%clk 00:26:33]} Bc2 {[%clk 01:17:25]} 45. Rc1 {[%clk
00:26:58]} Bxd3 {[%clk 01:17:45]} 46. Bxd3 {[%clk 00:26:11]} Ne5 {[%clk
01:17:29]} 47. Be2 {[%clk 00:25:16]} Ra6 {[%clk 01:16:20]} 48. Rh2 {[%clk
00:18:48]} Qd8 {[%clk 01:16:02]} 49. Rf2 {[%clk 00:17:52]} Qa5 {[%clk
01:15:33]} 50. Qe1 {[%clk 00:15:40]} Qxe1 {[%clk 01:15:57]} 51. Rxe1 {[%clk
00:15:56]} d3 {[%clk 01:12:38]} 52. Bf1 {[%clk 00:09:03]} Rb6 {[%clk 01:11:25]}
53. Rd1 {[%clk 00:07:41]} Nxc4 {[%clk 01:10:17]} 54. Bxd3 {[%clk 00:07:24]} Ne3
{[%clk 01:10:22]} 55. Rc1 {[%clk 00:06:57]} Kf6 {[%clk 01:09:20]} 56. b3 {[%clk
00:06:52]} Ke5 {[%clk 01:08:50]} 57. Bc4 {[%clk 00:05:40]} Kd4 {[%clk
01:09:01]} 58. Rd2+ {[%clk 00:06:07]} Ke5 {[%clk 01:09:25]} 59. Rf2 {[%clk
00:03:20]} Nxc4 {[%clk 01:08:40]} 60. Rxc4 {[%clk 00:03:34]} Ra6 {[%clk
01:06:48]} 61. Kb2 {[%clk 00:03:31]} b5 {[%clk 01:06:50]} 62. Rc3 {[%clk
00:01:29]} Ng6 {[%clk 01:05:39]} 63. Rh2 {[%clk 00:00:52]} Nh4 {[%clk
01:06:02]} 64. Rf2 {[%clk 00:00:34]} Ra7 {[%clk 01:03:48]} 65. Rcc2 {[%clk
00:00:45]} Kd4 {[%clk 01:04:08]} 66. Rcd2+ {[%clk 00:00:35]} Ke5 {[%clk
01:04:15]} 67. Rc2 {[%clk 00:00:33]} Kd4 {[%clk 01:04:35]} 68. Rcd2+ {[%clk
00:00:38]} Ke5 {[%clk 01:04:54]} 69. Rc2 {[%clk 00:00:47]} b4 {[%clk 01:04:31]}
70. axb4 {[%clk 00:00:34]} cxb4 71. Rc4 {[%emt 02:36:34]} Rb7 {[%clk 01:04:50]}
72. Ka2 {[%clk 00:01:13]} {[%emt 00:00:24]} Rb6 {[%clk 01:05:04]} 73. Kb2
{[%clk 00:01:29]} Ng6 {[%clk 01:05:02]} 74. Rd2 {[%clk 00:01:06]} Nh4 {[%clk
01:05:26]} 75. Rf2 {[%clk 00:01:07]} Ng6 {[%clk 01:05:42]} 76. Rd2 {[%clk
00:01:16]} Kf6 {[%clk 01:05:42]} 77. Rc6 {[%clk 00:01:19]} Rxc6 {[%clk
01:06:05]} 78. dxc6 {[%clk 00:01:35]} Ke6 {[%clk 01:06:26]} 79. c7 {[%clk
00:02:00]} Ne7 {[%clk 01:06:21]} 80. Rd4 {[%clk 00:02:12]} Kd7 {[%clk
01:06:22]} 81. Rc4 {[%clk 00:02:24]} Kc8 82. Rxb4 {[%emt 00:07:05]} Kxc7 {[%clk
01:06:31]} 83. Kc3 {[%clk 00:02:50]} {[%emt 00:00:55]} Ng6 {[%clk 01:05:04]}
84. Rd4 {[%clk 00:02:40]} Ne5 {[%clk 01:05:28]} 85. Rd3 {[%clk 00:01:14]} Kd7
{[%clk 01:05:05]} 86. Kc2 {[%clk 00:01:15]} Kc6 {[%clk 01:04:48]} 87. Kc3
{[%clk 00:01:36]} Kd7 {[%clk 01:05:10]} 88. Kc2 {[%clk 00:02:02]} Kc6 89. Kc3
{[%emt 00:07:25]} Kd7 {[%clk 01:05:33]} 90. Kc2 {[%emt 00:00:03]} Kc6 {[%emt
00:00:01]} 1/2-1/2